Statistics for Countries with Cities on the Most Polluted Air List

Click here to take the quiz!

General Stats

  • This quiz has been taken 90 times
  • The average score is 9 of 16

Answer Stats

Answer % Correct
India
100%
China
97%
Pakistan
86%
Iran
81%
Bangladesh
77%
Egypt
75%
Afghanistan
62%
Turkey
57%
South Africa
52%
Mongolia
42%
Qatar
40%
United Arab Emirates
40%
Bahrain
30%
Chile
12%
Bulgaria
9%
Mauritius
0%

Score Distribution

Percentile by Number Answered

Percent of People with Each Score

Your Score History

You have not taken this quiz